Mobile communication (Record no. 11771)

000 -LEADER
fixed length control field 00457nam a22001697a 4500
008 - FIXED-LENGTH DATA ELEMENTS--GENERAL INFORMATION
fixed length control field 210102b ||||| |||| 00| 0 eng d
020 ## - INTERNATIONAL STANDARD BOOK NUMBER
International Standard Book Number 9789333203210
082 ## - DEWEY DECIMAL CLASSIFICATION NUMBER
Classification number 303.4833
Item number BAG
100 ## - MAIN ENTRY--PERSONAL NAME
Personal name Bagad, V. S.
245 ## - TITLE STATEMENT
Title Mobile communication
250 ## - EDITION STATEMENT
Edition statement 2nd Rv. Ed.
260 ## - PUBLICATION, DISTRIBUTION, ETC. (IMPRINT)
Place of publication, distribution, etc Pune
Name of publisher, distributor, etc Technical publications
Date of publication, distribution, etc 2016
300 ## - PHYSICAL DESCRIPTION
Extent xiv, S-8p.
650 ## - SUBJECT ADDED ENTRY--TOPICAL TERM
Topical term or geographic name as entry element Communication and culture
650 ## - SUBJECT ADDED ENTRY--TOPICAL TERM
Topical term or geographic name as entry element Cell phone systems--Social aspects
942 ## - ADDED ENTRY ELEMENTS (KOHA)
Item type Books
300 ## - PHYSICAL DESCRIPTION
-- Pbc
Holdings
Withdrawn status Lost status Source of classification or shelving scheme Damaged status Not for loan Collection code Permanent location Current location Shelving location Date acquired Full call number Barcode Date last seen Koha item type Public note
          Non-fiction IMU-MPC Library IMU-MPC Library General Stacks 2021-01-02 303.4833 BAG MPCG0267 2025-03-17 Books Column-61
Copyright © 2021 Indian Maritime University, Mumbai Port Campus. All Rights Reserved. Managed & Maintained by Central Library, IMU-Mumbai

webs counters

Powered by Koha